Sports Quiz

Random Sports or Soccer Quiz

Clubs of Serie A Quiz Stats

 Plays Quiz Updated Jun 24, 2019

Score 0/20 Timer 06:00
0 Plays Today
Club % Correct
Milan
98.6%
Internazionale
97%
Juventus
93.8%
Roma
91.9%
Lazio
82.7%
Torino
75.3%
Fiorentina
74.2%
Napoli
74.1%
Sampdoria
70.4%
Bologna
64.2%
Club % Correct
Parma
63.7%
Udinese
62.2%
Cagliari
61.2%
Genoa
57%
Sassuolo
55.8%
SPAL
55.6%
Lecce
53.9%
Hellas Verona
49.2%
Brescia
47.7%
Atalanta
29.5%

You're not logged in!

Compare scores with friends on all Sporcle quizzes.
OR
Log In

Sporcle TV

Today on Sporcle TV


Watch our educational content, quiz creation guides, and fun videos on Sporcle TV.

Show Comments

Extras

Top Quizzes Today


Score Distribution

Your Account Isn't Verified!

In order to create a playlist on Sporcle, you need to verify the email address you used during registration. Go to your Sporcle Settings to finish the process.

Report this User

Report this user for behavior that violates our Community Guidelines.

Details: